[Event "1. OEsterreichische Internet Schach Meisterschaft - Vorrunde 2"]
[Site "Online - Playchess.com"]
[Date ""]
[Round "8"]
[Board "13"]
[White "Bauer, Sebastian"]
[Black "Gartmayer, Stefan"]
[Result "0-1"]
[WhiteElo "2237"]
[BlackElo "1914"]
[PlyCount "80"]
[EventDate "2020.04.13"]
[EventRounds "9"]
[EventCountry "AUT"]

1. e4 c5 2. Nf3 e6 3. c3 d5 4. exd5 exd5 5. d4 Nc6 6. Bb5 a6 7. Bxc6+ bxc6 8. O-O
Bd6 9. Re1+ Ne7 10. Be3 c4 11. b3 cxb3 12. axb3 O-O 13. b4 Bg4 14. Nbd2 a5 15. bxa5
Rxa5 16. h3 Bh5 17. c4 dxc4 18. Rxa5 Qxa5 19. Nxc4 Qc7 20. Nxd6 Qxd6 21. Bd2 Nd5
22. Qb3 Rb8 23. Qd3 Bg6 24. Qe2 h6 25. Ne5 Bf5 26. Qf3 Be6 27. Bf4 Nxf4 28. Qxf4
Rb4 29. Rd1 Bd5 30. Nd3 Qxf4 31. Nxf4 Rb2 32. Kh2 Bc4 33. Kg3 g5 34. Nh5 Kf8 35.
Rc1 Bd5 36. Nf6 Rb5 37. Nd7+ Ke7 38. Ne5 Kd6 39. Nd3 Rb3 40. Rd1 Be4  0-1

[Event "1. OEsterreichische Internet Schach Meisterschaft - Vorrunde 2"]
[Site "Online - Playchess.com"]
[Date ""]
[Round "8"]
[Board "14"]
[White "Kruckenhauser, Arthur"]
[Black "Mostbauer, Maximilian"]
[Result "1-0"]
[WhiteElo "2233"]
[BlackElo "2217"]
[PlyCount "89"]
[EventDate "2020.04.13"]
[EventRounds "9"]
[EventCountry "AUT"]

1. e4 e6 2. d4 d5 3. Nd2 Nf6 4. e5 Nfd7 5. Bd3 c5 6. c3 b5 7. f4 Qb6 8. Ne2 g6 9.
h4 h5 10. Nf3 a5 11. Ng5 cxd4 12. cxd4 b4 13. Qc2 Ba6 14. Bxg6 Bxe2 15. Bxf7+ Ke7
16. Kxe2 Nc6 17. Be3 Nxd4+ 18. Bxd4 Qxd4 19. Rad1 Qxf4 20. Bxe6 Qxe5+ 21. Kf2 Bg7
22. Bxd7 Kxd7 23. Rhe1 Qf6+ 24. Nf3 d4 25. Rxd4+ Qxd4+ 26. Nxd4 Bxd4+ 27. Ke2 Rhe8+
28. Kd1 Rxe1+ 29. Kxe1 Re8+ 30. Kd2 Re5 31. Qd3 Rd5 32. Kc2 Kd6 33. Kb3 Bb6 34. Qg3+
Kc5 35. Qf2+ Kb5 36. Qe2+ Kc6 37. Ka4 Bc7 38. Qc4+ Rc5 39. Qe6+ Kb7 40. g4 hxg4 41.
Qxg4 Rc6 42. Qe4 Kb6 43. h5 Bd8 44. h6 Rxh6 45. Qe3+  1-0

[Event "1. OEsterreichische Internet Schach Meisterschaft - Vorrunde 2"]
[Site "Online - Playchess.com"]
[Date ""]
[Round "8"]
[Board "15"]
[White "Brehovsky, Paul"]
[Black "Hofmann, Thomas"]
[Result "0-1"]
[WhiteElo "2149"]
[BlackElo "2215"]
[PlyCount "72"]
[EventDate "2020.04.13"]
[EventRounds "9"]
[EventCountry "AUT"]

1. d4 Nf6 2. f3 c5 3. d5 g6 4. e4 d6 5. c4 Bg7 6. Nc3 O-O 7. Be3 e6 8. Bd3 exd5 9.
cxd5 Re8 10. Nge2 Na6 11. a3 Nc7 12. Qd2 a6 13. a4 Rb8 14. a5 b5 15. axb6 Rxb6 16.
O-O Bd7 17. Rfe1 Qb8 18. Rab1 Qb7 19. Bc4 Bb5 20. Nxb5 axb5 21. Bd3 Ra6 22. Ra1 Rea8
23. Rxa6 Rxa6 24. Bb1 Ra4 25. Rd1 Nd7 26. Bf4 Ne5 27. Bxe5 Bxe5 28. f4 Bg7 29. e5
Qb6 30. Nc3 Rd4 31. Qe2 c4 32. Qf2 dxe5 33. fxe5 Bxe5 34. d6 Qxd6 35. Re1 Bxh2+ 36.
Kf1 Bg3  0-1

[Event "1. OEsterreichische Internet Schach Meisterschaft - Vorrunde 2"]
[Site "Online - Playchess.com"]
[Date ""]
[Round "8"]
[Board "16"]
[White "Kozissnik, Christian"]
[Black "Frank, Paul"]
[Result "0-1"]
[WhiteElo "2023"]
[BlackElo "2210"]
[PlyCount "36"]
[EventDate "2020.04.13"]
[EventRounds "9"]
[EventCountry "AUT"]

1. d4 Nf6 2. c4 g6 3. Nc3 d5 4. e3 Bg7 5. Nf3 O-O 6. b3 c5 7. cxd5 Nxd5 8. Nxd5 Qxd5
9. Bb2 Nc6 10. Bc4 Qh5 11. O-O Rd8 12. d5 Bxb2 13. Rb1 Bf6 14. dxc6 Rxd1 15. Rfxd1
Bf5 16. cxb7 Rb8 17. Rd5 Bxb1 18. Rxh5 gxh5  0-1

[Event "1. OEsterreichische Internet Schach Meisterschaft - Vorrunde 2"]
[Site "Online - Playchess.com"]
[Date ""]
[Round "8"]
[Board "17"]
[White "Juenger, Heinz"]
[Black "Haas, Michael"]
[Result "1-0"]
[WhiteElo "2165"]
[BlackElo "2141"]
[PlyCount "55"]
[EventDate "2020.04.13"]
[EventRounds "9"]
[EventCountry "AUT"]

1. e4 e6 2. d4 d5 3. exd5 exd5 4. Nf3 Nc6 5. Bb5 Bd6 6. c4 dxc4 7. d5 a6 8. Ba4 b5
9. dxc6 bxa4 10. O-O Ne7 11. Nbd2 Be6 12. Qxa4 Bd5 13. Nd4 Bc5 14. N2f3 O-O 15. Rd1
Qd6 16. Be3 Bxf3 17. Nxf3 Qxc6 18. Qxc6 Bxe3 19. Qxc7 Bxf2+ 20. Kxf2 Nf5 21. Qxc4
Rac8 22. Qxa6 Rc2+ 23. Rd2 Rc5 24. Rad1 h6 25. Rd8 Rxd8 26. Rxd8+ Kh7 27. Qd3 g6
28. Rd5  1-0

[Event "1. OEsterreichische Internet Schach Meisterschaft - Vorrunde 2"]
[Site "Online - Playchess.com"]
[Date ""]
[Round "8"]
[Board "18"]
[White "Tauber, Andreas"]
[Black "Perhinig, Robert"]
[Result "0-1"]
[WhiteElo "1972"]
[BlackElo "2252"]
[PlyCount "46"]
[EventDate "2020.04.13"]
[EventRounds "9"]
[EventCountry "AUT"]

1. c4 c6 2. Nc3 d5 3. cxd5 cxd5 4. d4 Nf6 5. Nf3 Nc6 6. Bf4 Bf5 7. e3 a6 8. Bd3 Bxd3
9. Qxd3 e6 10. O-O Be7 11. Ne5 Nxe5 12. Bxe5 O-O 13. Rac1 Rc8 14. Rfd1 Qa5 15. Rc2
Rc4 16. b3 Rc6 17. e4 Rfc8 18. Rdc1 Ba3 19. exd5 exd5 20. Bxf6 Bxc1 21. Qg3 Bh6 22.
Nxd5 Qxd5 23. Re2 Rc1+  0-1

[Event "1. OEsterreichische Internet Schach Meisterschaft - Vorrunde 2"]
[Site "Online - Playchess.com"]
[Date ""]
[Round "8"]
[Board "19"]
[White "Schnider, Gert"]
[Black "Rosol, Philip"]
[Result "1-0"]
[WhiteElo "2423"]
[BlackElo "1468"]
[PlyCount "87"]
[EventDate "2020.04.13"]
[EventRounds "9"]
[EventCountry "AUT"]

1. e4 d6 2. d4 Nf6 3. Nc3 e5 4. Nf3 Nbd7 5. Bc4 Be7 6. O-O O-O 7. Re1 h6 8. a4 a5
9. h3 c6 10. Be3 Qc7 11. Qd2 exd4 12. Nxd4 Ne5 13. Bb3 Bd7 14. Rad1 Ng6 15. Bxh6
gxh6 16. Qxh6 Rfe8 17. Qxg6+ Kh8 18. Bxf7 Rf8 19. Qh6+ Nh7 20. Bg6 Rf7 21. Bxf7 Be8
22. Ne6 Bf8 23. Nxc7 Bxh6 24. Nxa8 Bxf7 25. Rxd6 Bf8 26. Rd8 Kg7 27. e5 Ng5 28. Rd7
Ne6 29. Rxb7 Bb4 30. Nc7 Nxc7 31. Rxc7 Bxc3 32. bxc3 Kg6 33. e6 Be8 34. e7 Kf7 35.
g4 Kf6 36. f4 Kf7 37. Re5 Kf6 38. h4 Kf7 39. h5 Kg7 40. Rc8 Kf7 41. Rxe8 Kxe8 42.
h6 Kf7 43. e8=Q+ Kf6 44. g5#  1-0

[Event "1. OEsterreichische Internet Schach Meisterschaft - Vorrunde 2"]
[Site "Online - Playchess.com"]
[Date ""]
[Round "8"]
[Board "20"]
[White "Mira, Helene"]
[Black "Schneider-Zinner, Harald"]
[Result "1/2-1/2"]
[WhiteElo "2082"]
[BlackElo "2381"]
[PlyCount "111"]
[EventDate "2020.04.13"]
[EventRounds "9"]
[EventCountry "AUT"]

1. d4 d5 2. Nf3 Nf6 3. e3 c5 4. b3 Nc6 5. Bb2 g6 6. Ne5 Bg7 7. Bb5 Bd7 8. Nxd7 Qxd7
9. dxc5 a6 10. Bd3 O-O 11. Nd2 e5 12. O-O Qc7 13. a3 a5 14. e4 Rad8 15. Qe2 dxe4
16. Nxe4 Nd5 17. g3 f5 18. Nd6 e4 19. Bc4 Bxb2 20. Bxd5+ Kh8 21. Rab1 Be5 22. Bxc6
Qxc6 23. b4 axb4 24. axb4 b6 25. Nc4 Qb5 26. Rfd1 bxc5 27. bxc5 Qxc5 28. Nxe5 Qxe5
29. Rxd8 Rxd8 30. c4 Qd4 31. Qb2 Qxb2 32. Rxb2 Rc8 33. Rc2 Kg7 34. Kf1 Kf6 35. Ke2
Ke5 36. Ke3 g5 37. f4+ gxf4+ 38. gxf4+ Kd6 39. Kd4 Re8 40. Ra2 e3 41. Re2 Re4+ 42.
Kd3 Rxf4 43. Rxe3 Rh4 44. h3 f4 45. Rf3 Kc5 46. Ke4 Kxc4 47. Rxf4 Rxh3 48. Kf5+ Kd3
49. Kg4 Rh1 50. Rf3+ Ke2 51. Rh3 Rxh3 52. Kxh3 h5 53. Kh2 h4 54. Kh1 h3 55. Kh2 Ke1
56. Kxh3  1/2-1/2

[Event "1. OEsterreichische Internet Schach Meisterschaft - Vorrunde 2"]
[Site "Online - Playchess.com"]
[Date ""]
[Round "8"]
[Board "21"]
[White "Kuecher, Wolfgang"]
[Black "Postl, Anton"]
[Result "1-0"]
[WhiteElo "2117"]
[BlackElo "2290"]
[PlyCount "55"]
[EventDate "2020.04.13"]
[EventRounds "9"]
[EventCountry "AUT"]

1. g3 Nf6 2. Bg2 g6 3. e4 d6 4. d4 Bg7 5. Nc3 O-O 6. h3 Nbd7 7. Be3 c5 8. Nge2 cxd4
9. Nxd4 a6 10. Qd2 Rb8 11. O-O Qc7 12. Rad1 b5 13. Nb3 Bb7 14. Bd4 Nb6 15. Na5 Ba8
16. Qe3 b4 17. Bxb6 Rxb6 18. Nd5 Nxd5 19. exd5 Rb5 20. Nc6 Bxc6 21. dxc6 e6 22. Qf4
Rc8 23. Qxd6 Bxb2 24. Qxc7 Rxc7 25. Rd7 Be5 26. Rfd1 Rb8 27. f4 Rxd7 28. Rxd7  1-0

[Event "1. OEsterreichische Internet Schach Meisterschaft - Vorrunde 2"]
[Site "Online - Playchess.com"]
[Date ""]
[Round "8"]
[Board "22"]
[White "Hatzl, Johannes"]
[Black "Frank, Emanuel"]
[Result "1/2-1/2"]
[WhiteElo "2131"]
[BlackElo "2271"]
[PlyCount "125"]
[EventDate "2020.04.13"]
[EventRounds "9"]
[EventCountry "AUT"]

1. d4 d5 2. Bf4 Nf6 3. e3 c5 4. c3 e6 5. Nd2 Bd6 6. Bg3 Qc7 7. Ngf3 Nbd7 8. dxc5
Nxc5 9. Nb3 Nce4 10. Bxd6 Qxd6 11. Bb5+ Bd7 12. Bxd7+ Nxd7 13. Nbd2 Nec5 14. O-O
O-O 15. Nb3 Ne4 16. Nbd2 f5 17. c4 Ndf6 18. cxd5 exd5 19. Nd4 Ng4 20. N2f3 Rac8 21.
h3 Ne5 22. Nxe5 Qxe5 23. Rc1 a6 24. Qd3 g6 25. b3 Nc5 26. Qd2 Rc7 27. Rfd1 Rfc8 28.
Qe2 Ne4 29. Rxc7 Rxc7 30. Nf3 Qd6 31. Qd3 Rc5 32. b4 Rc4 33. Qxc4 dxc4 34. Rxd6 Nxd6
35. Kf1 Kf7 36. Ke2 Kf6 37. Nd2 Ke5 38. f3 Kd5 39. Kd1 Kc6 40. Kc2 Kb5 41. Kc3 b6
42. g4 a5 43. bxa5 bxa5 44. e4 fxe4 45. Nxe4 Nf7 46. f4 h6 47. h4 Nd8 48. Nd6+ Kc5
49. Nxc4 Ne6 50. f5 gxf5 51. gxf5 Nc7 52. f6 Nd5+ 53. Kd3 Nxf6 54. Nxa5 Kb4 55. Nc6+
Ka3 56. Ke3 Kxa2 57. Kf4 Kb3 58. Kf5 Nd5 59. Ne5 Kc3 60. Kg6 Ne3 61. Kxh6 Nf5+ 62.
Kg5 Nxh4 63. Kxh4  1/2-1/2

[Event "1. OEsterreichische Internet Schach Meisterschaft - Vorrunde 2"]
[Site "Online - Playchess.com"]
[Date ""]
[Round "8"]
[Board "23"]
[White "Brod, Manfred"]
[Black "Bachler, Reinhard"]
[Result "0-1"]
[WhiteElo "2211"]
[BlackElo "2143"]
[PlyCount "86"]
[EventDate "2020.04.13"]
[EventRounds "9"]
[EventCountry "AUT"]

1. e4 c5 2. Nf3 d6 3. d4 cxd4 4. Nxd4 Nf6 5. Nc3 a6 6. Be2 e5 7. Nb3 Be6 8. f4 Nbd7
9. f5 Bxb3 10. axb3 d5 11. Nxd5 Nxe4 12. Bf3 Bc5 13. Be3 Bxe3 14. Nxe3 Nec5 15. O-O
e4 16. Be2 Nf6 17. b4 Ncd7 18. Qd6 Rc8 19. c4 Rc6 20. Qd4 O-O 21. g4 h6 22. c5 Qc7
23. Bc4 b6 24. Rxa6 bxc5 25. bxc5 Rxa6 26. Bxa6 Nxc5 27. Rc1 Nfd7 28. Nd5 Qa5 29.
Bc4 Re8 30. f6 e3 31. Ne7+ Kh7 32. Bxf7 Qd2 33. Qxd2 exd2 34. Rd1 Rf8 35. Bc4 Rxf6
36. Rxd2 Rf4 37. b3 Re4 38. Re2 Rxg4+ 39. Rg2 Re4 40. Bg8+ Kh8 41. Bd5 Rxe7 42. b4
Nd3 43. b5 Re1#  0-1

[Event "1. OEsterreichische Internet Schach Meisterschaft - Vorrunde 2"]
[Site "Online - Playchess.com"]
[Date ""]
[Round "8"]
[Board "24"]
[White "Pirker, Christian"]
[Black "Polterauer, Chiara"]
[Result "1-0"]
[WhiteElo "2167"]
[BlackElo "2178"]
[PlyCount "51"]
[EventDate "2020.04.13"]
[EventRounds "9"]
[EventCountry "AUT"]

1. Nf3 d5 2. g3 Nf6 3. Bg2 e6 4. O-O Be7 5. b3 O-O 6. Bb2 c5 7. c4 d4 8. d3 Nc6 9.
e3 e5 10. e4 Ne8 11. a3 a5 12. Nbd2 Be6 13. Ne1 Qd7 14. Bc1 Bh3 15. Ra2 g6 16. Bxh3
Qxh3 17. Ng2 Ng7 18. f4 h5 19. Nf3 exf4 20. Nxf4 Qd7 21. Nd5 Bd8 22. Raf2 Ne8 23.
Bh6 Ne7 24. Bxf8 Kxf8 25. Ne5 f5 26. Nxd7+  1-0

[Event "1. OEsterreichische Internet Schach Meisterschaft - Vorrunde 2"]
[Site "Online - Playchess.com"]
[Date ""]
[Round "8"]
[Board "25"]
[White "Mittelberger, Peter"]
[Black "Sulzbacher, Michael"]
[Result "0-1"]
[WhiteElo "2176"]
[BlackElo "2018"]
[PlyCount "98"]
[EventDate "2020.04.13"]
[EventRounds "9"]
[EventCountry "AUT"]

1. c4 g6 2. Nc3 Bg7 3. g3 d6 4. Bg2 e5 5. e3 Ne7 6. Nge2 O-O 7. O-O h6 8. b4 Kh7
9. b5 Nd7 10. a4 f5 11. d3 Nc5 12. d4 exd4 13. exd4 Ne6 14. f4 Ng8 15. Ba3 Re8 16.
c5 dxc5 17. dxc5 Nd4 18. Ra2 Nxe2+ 19. Nxe2 Be6 20. Rd2 Qc8 21. Qc2 c6 22. bxc6 bxc6
23. Nd4 Bd5 24. Bxd5 cxd5 25. c6 Re4 26. c7 Bxd4+ 27. Kg2 Bb6 28. Rc1 Ne7 29. Bxe7
Rxe7 30. Qb3 Rxc7 31. Rxc7+ Qxc7 32. Qxd5 Rg8 33. Qe6 Rg7 34. Kh3 Qf7 35. Qc8 g5
36. fxg5 hxg5 37. Kg2 Qb7+ 38. Qxb7 Rxb7 39. Rd5 Rf7 40. a5 Be3 41. a6 Kg6 42. Rd3
f4 43. gxf4 gxf4 44. Kf3 Rf6 45. Ra3 Kg5 46. Ra5+ Rf5 47. Ra2 Kh4 48. Ra4 Kh3 49.
Ra2 Rd5  0-1

[Event "1. OEsterreichische Internet Schach Meisterschaft - Vorrunde 2"]
[Site "Online - Playchess.com"]
[Date ""]
[Round "8"]
[Board "26"]
[White "Maierhofer, Johann"]
[Black "Schloffer, Jasmin-Denise"]
[Result "1/2-1/2"]
[WhiteElo "2087"]
[BlackElo "2110"]
[PlyCount "57"]
[EventDate "2020.04.13"]
[EventRounds "9"]
[EventCountry "AUT"]

1. e4 e5 2. Nc3 Nf6 3. Bc4 Bc5 4. d3 Nc6 5. f4 d6 6. Nf3 Be6 7. Bb3 Qe7 8. Na4 Bb6
9. Nxb6 axb6 10. fxe5 dxe5 11. Bg5 Bxb3 12. axb3 O-O 13. Rxa8 Rxa8 14. O-O h6 15.
Bh4 Qc5+ 16. Bf2 Qd6 17. Qd2 Ra2 18. Qc3 Ng4 19. Bg3 Qc5+ 20. Qxc5 bxc5 21. Rb1 f6
22. Bf2 Nxf2 23. Kxf2 Nd4 24. Nxd4 cxd4 25. Ke2 Kf7 26. Kd2 Ke6 27. g4 c5 28. h3
b5 29. Ke2  1/2-1/2

[Event "1. OEsterreichische Internet Schach Meisterschaft - Vorrunde 2"]
[Site "Online - Playchess.com"]
[Date ""]
[Round "8"]
[Board "27"]
[White "Hochwarter, Martin"]
[Black "Riemelmoser, Stefan"]
[Result "0-1"]
[WhiteElo "1932"]
[BlackElo "2046"]
[PlyCount "96"]
[EventDate "2020.04.13"]
[EventRounds "9"]
[EventCountry "AUT"]

1. d4 e6 2. c4 d5 3. Nf3 Nf6 4. e3 Be7 5. Bd3 O-O 6. Nbd2 b6 7. b3 Bb7 8. Bb2 Nbd7
9. O-O Ne4 10. Rc1 Ndf6 11. Ne5 c5 12. dxc5 Nxc5 13. Bb1 Rc8 14. Qc2 Nce4 15. f3
Nxd2 16. Qxd2 dxc4 17. Nxc4 Qxd2 18. Nxd2 Nd5 19. e4 Bc5+ 20. Kh1 Nf4 21. Nc4 Rfd8
22. Rfd1 Ne2 23. Rxd8+ Rxd8 24. Re1 Nf4 25. g3 Nd3 26. Bxd3 Rxd3 27. Ne5 Rd2 28.
Bc3 Rc2 29. Rd1 Rxc3 30. Rd8+ Bf8 31. Nd7 Rc8 32. Rxf8+ Rxf8 33. Nxf8 Kxf8 34. Kg2
Ke7 35. Kf2 Kd6 36. Ke3 Kc5 37. Kd3 a5 38. a3 Ba6+ 39. Kc3 Bf1 40. f4 Bg2 41. e5
Bf1 42. b4+ axb4+ 43. axb4+ Kd5 44. h4 h5 45. Kb3 Kd4 46. Ka4 Kc3 47. b5 Be2 48.
Ka3 Bxb5  0-1

[Event "1. OEsterreichische Internet Schach Meisterschaft - Vorrunde 2"]
[Site "Online - Playchess.com"]
[Date ""]
[Round "8"]
[Board "28"]
[White "Hofstadler, Mario"]
[Black "Belke, Frank"]
[Result "0-1"]
[WhiteElo "1867"]
[BlackElo "2273"]
[PlyCount "26"]
[EventDate "2020.04.13"]
[EventRounds "9"]
[EventCountry "AUT"]

1. d4 Nf6 2. Bg5 c5 3. d5 Ne4 4. Bf4 Qb6 5. Nd2 Qxb2 6. Nxe4 Qb4+ 7. c3 Qxe4 8. e3
e6 9. dxe6 fxe6 10. Bd3 Qxg2 11. Qh5+ g6 12. Qh3 Qxh1 13. Bxg6+ hxg6  0-1

[Event "1. OEsterreichische Internet Schach Meisterschaft - Vorrunde 2"]
[Site "Online - Playchess.com"]
[Date ""]
[Round "8"]
[Board "29"]
[White "Waldner, Alois"]
[Black "Neuschmied, Siegfried"]
[Result "0-1"]
[WhiteElo "2018"]
[BlackElo "2268"]
[PlyCount "68"]
[EventDate "2020.04.13"]
[EventRounds "9"]
[EventCountry "AUT"]

1. e4 d6 2. d4 Nf6 3. Nc3 g6 4. Be3 a6 5. f3 b5 6. Qd2 Nbd7 7. Nh3 Bb7 8. Nf2 h6
9. g4 Bg7 10. h4 Nb6 11. b3 Nfd7 12. Rd1 c6 13. Bg2 Qc7 14. Nd3 c5 15. d5 c4 16.
Ne2 cxd3 17. cxd3 a5 18. O-O h5 19. g5 b4 20. d4 Ba6 21. Rc1 Qd8 22. Rc6 Bb5 23.
Rc2 O-O 24. Rfc1 Rc8 25. f4 Rxc2 26. Rxc2 Qb8 27. f5 Rc8 28. fxg6 fxg6 29. Nf4 Nf8
30. Bh3 Bd7 31. Ne6 Nxe6 32. dxe6 Bb5 33. d5 Rf8 34. Rc6 Na8  0-1

[Event "1. OEsterreichische Internet Schach Meisterschaft - Vorrunde 2"]
[Site "Online - Playchess.com"]
[Date ""]
[Round "8"]
[Board "30"]
[White "Meier, Alexander"]
[Black "Ofner, Maximilian"]
[Result "1-0"]
[WhiteElo "2226"]
[BlackElo "2177"]
[PlyCount "145"]
[EventDate "2020.04.13"]
[EventRounds "9"]
[EventCountry "AUT"]

1. e4 c6 2. d4 d5 3. Nc3 dxe4 4. Nxe4 Bf5 5. Ng3 Bg6 6. h4 h6 7. Nf3 Nd7 8. h5 Bh7
9. Bd3 Bxd3 10. Qxd3 e6 11. Bd2 Ngf6 12. O-O-O Be7 13. Nf1 Qc7 14. Ne3 O-O-O 15.
g3 Nc5 16. Qa3 Nce4 17. Qxa7 Nxf2 18. Nc4 Nd5 19. Nfe5 Nxh1 20. Ba5 Qb8 21. Qxb8+
Kxb8 22. Bxd8 Rxd8 23. Rxh1 Bg5+ 24. Kb1 Ne3 25. Nxe3 Bxe3 26. c3 f6 27. Nf3 c5 28.
Re1 cxd4 29. cxd4 Bxd4 30. Rxe6 f5 31. a3 Bf6 32. Kc2 Rc8+ 33. Kb3 Rc1 34. Ne5 Ka7
35. Nd7 Rg1 36. Nxf6 gxf6 37. Rxf6 Rxg3+ 38. Kb4 Rh3 39. Rxf5 Ka6 40. b3 b6 41. a4
Rh4+ 42. Ka3 Rh3 43. Re5 Rh4 44. Kb2 Rh3 45. Kc2 Kb7 46. Rb5 Kc6 47. Rf5 Kb7 48.
Re5 Kc6 49. Rb5 Kb7 50. a5 Kc8 51. axb6 Kb7 52. Kb2 Rh4 53. Ka3 Re4 54. Rf5 Rh4 55.
b4 Kxb6 56. Rf6+ Kb5 57. Rf5+ Kb6 58. Ka4 Rh1 59. Rf6+ Kb7 60. Rxh6 Rh4 61. Kb5 Kc7
62. Rh7+ Kd6 63. Ka5 Rh1 64. Kb6 Rh2 65. b5 Rh1 66. h6 Rh3 67. Rc7 Rh1 68. h7 Rh5
69. Rg7 Rh1 70. Kb7 Rh2 71. b6 Rh1 72. Kb8 Rh2 73. b7  1-0

[Event "1. OEsterreichische Internet Schach Meisterschaft - Vorrunde 2"]
[Site "Online - Playchess.com"]
[Date ""]
[Round "8"]
[Board "31"]
[White "Wimmer, Kevin"]
[Black "Schumi, Manfred"]
[Result "1/2-1/2"]
[WhiteElo "1944"]
[BlackElo "2202"]
[PlyCount "102"]
[EventDate "2020.04.13"]
[EventRounds "9"]
[EventCountry "AUT"]

1. e4 Nf6 2. Nc3 d5 3. exd5 Nxd5 4. Nxd5 Qxd5 5. Qf3 Qd6 6. d3 Nc6 7. Be3 g6 8. Ne2
Bg7 9. Nc3 O-O 10. Be2 Nd4 11. Bxd4 Qxd4 12. O-O c6 13. Qe3 Qxe3 14. fxe3 Bh6 15.
Kf2 e5 16. e4 Be6 17. Kg1 f5 18. Bf3 Be3+ 19. Kh1 Bd4 20. g3 Kg7 21. Kg2 Rad8 22.
h4 Rd7 23. Rab1 h5 24. Ne2 Be3 25. a3 f4 26. Ng1 Bg4 27. Nh3 c5 28. Ng5 Re8 29. Rbd1
Kf6 30. Nh3 Bxh3+ 31. Kxh3 Red8 32. g4 hxg4+ 33. Bxg4 Rh7 34. Rh1 Rdh8 35. Kg2 Rxh4
36. Rxh4 Rxh4 37. Bf3 g5 38. Rh1 Rxh1 39. Kxh1 Bc1 40. a4 Bxb2 41. Kg2 a6 42. Bg4
b5 43. axb5 axb5 44. Bd7 Kg6 45. Kf3 Kh5 46. Bg4+ Kh4 47. Bd7 Bc1 48. Bg4 Bd2 49.
Bd7 Bc3 50. Bg4 Bd2 51. Bd7 Bc3  1/2-1/2

[Event "1. OEsterreichische Internet Schach Meisterschaft - Vorrunde 2"]
[Site "Online - Playchess.com"]
[Date ""]
[Round "8"]
[Board "32"]
[White "Doskocil, Klaus"]
[Black "Werdecker, Roland"]
[Result "1-0"]
[WhiteElo "2157"]
[BlackElo "1960"]
[PlyCount "77"]
[EventDate "2020.04.13"]
[EventRounds "9"]
[EventCountry "AUT"]

1. e4 d5 2. exd5 Nf6 3. Bb5+ Bd7 4. Bc4 b5 5. Bb3 Bg4 6. f3 Bc8 7. a4 b4 8. c4 c6
9. dxc6 Nxc6 10. Ne2 e5 11. O-O Bc5+ 12. Kh1 Qd3 13. Bc2 Qxc4 14. b3 Qd5 15. Bb2
O-O 16. Ng3 Ba6 17. d3 Nd4 18. Bxd4 Bxd4 19. Ra2 Rac8 20. Nd2 Qd8 21. Nc4 Nd5 22.
Qe1 Qg5 23. Ne4 Qg6 24. Bd1 Bxc4 25. dxc4 Ne3 26. Rg1 Nxd1 27. Qxd1 Bxg1 28. Qxg1
Rfd8 29. c5 Rd3 30. Qb1 Rxc5 31. Nxc5 Rd2 32. Qf1 Rxa2 33. h3 f6 34. Ne4 Qf7 35.
Qb5 h6 36. Qb8+ Kh7 37. Qxb4 Rb2 38. Nd6 Qxb3 39. Qe4+  1-0

[Event "1. OEsterreichische Internet Schach Meisterschaft - Vorrunde 2"]
[Site "Online - Playchess.com"]
[Date ""]
[Round "8"]
[Board "33"]
[White "Ressmann, Walter"]
[Black "Nolz, Tom"]
[Result "0-1"]
[WhiteElo "1868"]
[BlackElo "2157"]
[PlyCount "80"]
[EventDate "2020.04.13"]
[EventRounds "9"]
[EventCountry "AUT"]

1. d4 g5 2. Nf3 g4 3. Ne5 h5 4. Nd3 Nc6 5. e3 d5 6. g3 Bf5 7. Bg2 e6 8. Nc3 h4 9.
Nf4 h3 10. Bf1 Nf6 11. Bd3 Bb4 12. Bd2 Bxc3 13. Bxc3 Ne4 14. O-O Qd6 15. Bxe4 Bxe4
16. Qd2 O-O-O 17. b4 f6 18. b5 Ne7 19. Bb4 Qd7 20. Bxe7 Qxe7 21. Rfc1 e5 22. Ne2
Qh7 23. Kf1 Qf5 24. Ng1 Bg2+ 25. Ke1 exd4 26. Qxd4 Kb8 27. Qf4 Qe5 28. Qxe5 fxe5
29. Rd1 Rhf8 30. Rd2 Rf6 31. a4 c5 32. Ne2 d4 33. exd4 cxd4 34. Nc1 e4 35. Nb3 Rfd6
36. Kd1 e3 37. fxe3 dxe3 38. Rxd6 Rxd6+ 39. Kc1 e2 40. Nd2 e1=Q+  0-1

[Event "1. OEsterreichische Internet Schach Meisterschaft - Vorrunde 2"]
[Site "Online - Playchess.com"]
[Date ""]
[Round "8"]
[Board "34"]
[White "Strodl, Joachim"]
[Black "Gschiel, Alexander"]
[Result "0-1"]
[WhiteElo "2137"]
[BlackElo "1908"]
[PlyCount "78"]
[EventDate "2020.04.13"]
[EventRounds "9"]
[EventCountry "AUT"]

1. Nf3 Nf6 2. g3 e6 3. Bg2 Be7 4. O-O d5 5. d4 b6 6. c4 Bb7 7. cxd5 Nxd5 8. Nc3 O-O
9. Re1 c5 10. e4 cxd4 11. Nxd5 exd5 12. exd5 Bxd5 13. Qxd4 Bf6 14. Qd1 Na6 15. Rb1
Bxa2 16. Ra1 Qxd1 17. Rxd1 Bb3 18. Rd7 Nc5 19. Rdxa7 Rxa7 20. Rxa7 Rd8 21. Nd2 h6
22. Bf1 Be6 23. b4 Nd3 24. Ba3 Nxf2 25. Kxf2 Rxd2+ 26. Ke3 Rxh2 27. Ra8+ Kh7 28.
Bd3+ g6 29. b5 Rg2 30. Bd6 Bg5+ 31. Kf3 Bd5+ 32. Be4 Bxa8 33. Bxa8 Rd2 34. Bc7 Bd8
35. Bf4 Rb2 36. Bc6 f6 37. Be8 Kg7 38. Bd7 h5 39. Bd6 Rd2  0-1

[Event "1. OEsterreichische Internet Schach Meisterschaft - Vorrunde 2"]
[Site "Online - Playchess.com"]
[Date ""]
[Round "8"]
[Board "35"]
[White "Froewis, Annika"]
[Black "Stolzlechner, Thomas"]
[Result "1-0"]
[WhiteElo "2136"]
[BlackElo "2037"]
[PlyCount "57"]
[EventDate "2020.04.13"]
[EventRounds "9"]
[EventCountry "AUT"]

1. e4 e5 2. Nf3 Nc6 3. d4 exd4 4. Nxd4 Nf6 5. Nc3 Bb4 6. Nxc6 bxc6 7. Bd3 d5 8. exd5
O-O 9. O-O cxd5 10. Bg5 c6 11. h3 Be7 12. Qf3 h6 13. Bf4 Bd6 14. Ne2 Rb8 15. b3 a5
16. Rfe1 Rb4 17. Bd2 Re8 18. Bxb4 Bxb4 19. c3 Bc5 20. Nd4 Ne4 21. Bxe4 dxe4 22. Rxe4
Bxd4 23. Rxe8+ Qxe8 24. cxd4 Qd7 25. Qe4 Bb7 26. Re1 c5 27. Qe8+ Qxe8 28. Rxe8+ Kh7
29. dxc5  1-0

[Event "1. OEsterreichische Internet Schach Meisterschaft - Vorrunde 2"]
[Site "Online - Playchess.com"]
[Date ""]
[Round "8"]
[Board "36"]
[White "Borrmann, Laurenz"]
[Black "Hofer, Maximilian"]
[Result "0-1"]
[WhiteElo "1880"]
[BlackElo "2108"]
[PlyCount "48"]
[EventDate "2020.04.13"]
[EventRounds "9"]
[EventCountry "AUT"]

1. e4 e5 2. Nf3 Nc6 3. Bc4 Nf6 4. d3 Be7 5. O-O O-O 6. Re1 d6 7. a4 Bg4 8. c3 d5
9. exd5 Nxd5 10. h3 Bh5 11. g4 Bg6 12. Nxe5 Nxe5 13. Rxe5 Nb6 14. Qe1 Bd6 15. Re2
Nxc4 16. dxc4 f5 17. b4 b6 18. g5 f4 19. h4 f3 20. Re3 Qd7 21. Qd1 Bh2+ 22. Kxh2
Qxd1 23. Nd2 Rad8 24. Ne4 Qf1  0-1

[Event "1. OEsterreichische Internet Schach Meisterschaft - Vorrunde 2"]
[Site "Online - Playchess.com"]
[Date ""]
[Round "8"]
[Board "37"]
[White "Balint, Peter"]
[Black "Lichtl, Erich"]
[Result "0-1"]
[WhiteElo "2105"]
[BlackElo "2096"]
[PlyCount "48"]
[EventDate "2020.04.13"]
[EventRounds "9"]
[EventCountry "AUT"]

1. e4 c6 2. d4 d5 3. exd5 cxd5 4. Bd3 Nc6 5. c3 Qc7 6. Ne2 Bg4 7. O-O e5 8. dxe5
Nxe5 9. Bc2 O-O-O 10. Bf4 Bd6 11. h3 Bh5 12. Bf5+ Kb8 13. b4 Ne7 14. Bc2 Nf3+ 15.
gxf3 Bxf4 16. Nd4 Qe5 17. Re1 Qg5+ 18. Kh1 Qh4 19. Kg2 Rd6 20. a4 Rg6+ 21. Bxg6 hxg6
22. Qe2 Qxh3+ 23. Kg1 Qh2+ 24. Kf1 Qh1#  0-1